logo

The Dawa'ish (Record no. 20205)

MARC details
000 -CABECERA
campo de control de longitud fija 01374nab a22002177a 4500
003 - IDENTIFICADOR DEL NÚMERO DE CONTROL
campo de control ES-MaBCA
005 - FECHA Y HORA DE LA ÚLTIMA TRANSACCIÓN
campo de control 20171030124029.0
008 - CÓDIGOS DE INFORMACIÓN DE LONGITUD FIJA
campo de control de longitud fija 120808t xxu||||| |||| 00| 0 eng d
040 ## - FUENTE DE LA CATALOGACIÓN
Centro transcriptor ES-MaBCA
100 ## - PUNTO DE ACCESO PRINCIPAL - NOMBRE DE PERSONA
9 (RLIN) 14976
Nombre de persona Zeidel, Ronen
245 ## - MENCIÓN DE TÍTULO
Título The Dawa'ish
Medio [Recurso electrónico] PDF
Resto del título : A Collective Profile of IS Commanders
260 ## - PUBLICACIÓN, DISTRIBUCIÓN, ETC. (PIE DE IMPRENTA)
Nombre del editor distribuidor etc. Alex P Schmid
300 ## - DESCRIPCIÓN FÍSICA
Extensión 13 p.
520 ## - SUMARIO, ETC.
Sumario etc. Based on the scrutiny of daily Iraqi newspapers, this article offers a collective profile of the commanders in the Islamic State (IS), the so-called Dawa’ish. From the highest level to the lowest ranks, Iraqis form the large majority of the commanders of IS in both Iraq and Syria. After determining the national background and discussing the role of non-Iraqis in the ranks of IS, the article focuses on the social, tribal, and regional backgrounds of the Iraqis in IS’ ranks, providing in-depth information on the social and political background of IS in Iraqi society.
610 #0 - PUNTO DE ACCESO ADICIONAL DE MATERIA--NOMBRE DE ENTIDAD CORPORATIVA
9 (RLIN) 12870
Nombre de entidad corporativa o nombre de jurisdicción como elemento inicial Estado Islámico
650 #0 - PUNTO DE ACCESO ADICIONAL DE MATERIA--TÉRMINO DE MATERIA
9 (RLIN) 1735
Término de materia o nombre geográfico como elemento inicial Terrorismo
651 #0 - PUNTO DE ACCESO ADICIONAL DE MATERIA--NOMBRE GEOGRÁFICO
9 (RLIN) 1852
Nombre geográfico Irak
773 0# - ENLACE AL DOCUMENTO FUENTE
Enlace http://www.terrorismanalysts.com/pt/index.php/pot/article/view/618/1219
Encabezamiento principal Perspectives on Terrorism
Parte(s) relacionada(s) . -- Vol. 11 No. 4 (Aug. 2017) p. 16-28
Información sobre la relación En :
Título Perspectives on Terrorism
Número de control del registro relacionado 1101
856 4# - LOCALIZACIÓN Y ACCESO ELECTRÓNICOS
Tipo de formato electrónico PDF
Identificador Uniforme del Recurso (URI) <a href="http://www.terrorismanalysts.com/pt/index.php/pot/article/view/619/1220">http://www.terrorismanalysts.com/pt/index.php/pot/article/view/619/1220</a>
942 ## - ELEMENTOS DE PUNTO DE ACCESO ADICIONAL (KOHA)
Fuente del sistema de clasificación o colocación Universal Decimal Classification
Tipo de ítem Koha Analíticas
Holdings
Estado de retiro Estado de pérdida Fuente del sistema de clasificación o colocación Estado dañado No para préstamo Código de colección Localización permanente Ubicación/localización actual Fecha de adquisición Total de préstamos Código de barras Fecha visto por última vez Precio válido a partir de Tipo de ítem Koha
    Universal Decimal Classification     Biblioteca Digital Centro de Análisis y Prospectiva de la Guardia Civil Centro de Análisis y Prospectiva de la Guardia Civil 30/10/2017   2018637 30/10/2017 30/10/2017 Analíticas